Largest First Level Subdivisons - Statistics

General Stats
  • This quiz has been taken 39 times
    32 since last reset
  • The average score is 14 of 25
Answer Stats
Country Answer % Correct
United States Alaska
88%
Canada Nunavut
84%
Australia Queensland
84%
Australia Western Australia
84%
Denmark Greenland
80%
Canada Quebec
80%
Brazil Amazonas
76%
Australia Northern Territory
76%
Australia South Australia
76%
Canada British Columbia
68%
Canada Ontario
68%
Australia New South Wales
64%
China Tibet
64%
Brazil Mato Grosso
60%
China Inner Mongolia
56%
China Xinjiang
56%
Brazil Para
44%
Russia Sakha Republic
44%
Russia Krasnoyarsk Krai
40%
Russia Irkutsk
28%
Canada Northwestern Territories
28%
China Qinghai
24%
Russia Chukotka
20%
Russia Yamalo-Nenets
16%
Russia Khabarovsk Krai
12%
No matching quizzes found
Score Distribution
Percent of People with Each Score
Percentile by Number Answered
Your Score History
You have not taken this quiz since the last reset